Responses for Show #3319 - Thursday, January 28, 1999

Contestants

[<< previous game]

Patti Compton, a homemaker from Cottonwood, Arizona

Karl Wallig, a property specialist from Salem, Oregon

Lisa McAdam, a managing editor from Springfield, Oregon (whose 1-day cash winnings total $4,000)

[next game >>]

Jeopardy! Round responses

YESTERDAY
MICHELLE
PAPERBACK WRITERS
HELP!
"P.S." I LOVE YOU
(Alex: Hey, there's a theme here)
MEET THE BEETLES
(Alex: But notice the spelling on this)
    $100 7
Ping-pong (table tennis)

Patti
    $100 12
(Patti: What is Hawaii?)

California

KarlPatti
    $100 13
R.L. Stine

Patti
    $100 18
911

Lisa
    $100 2
Peace symbol

Karl
    $100 1
Ladybugs

Karl
    $200 8
Henry Ford

Patti
    $200 16
Michelle Pfeiffer

Lisa
    $200 14
(Patti: Who is Rand?)

Isaac Asimov

Patti
Triple Stumper
    $200 20
Plumber

Patti
    $200 3
Pacific Standard Time

Lisa
    $200 27
Firefly

Lisa
    $300 9
Lord Nelson

Karl
    $300 17
Sarah Michelle Gellar

Karl
    $300 15
Danielle Steel

Lisa
    $300 21
Cliffs Notes

Lisa
    $300 4
Palm Springs

Lisa
    $300 28
Grub

Lisa
    $400 10
Spear

Lisa
    $400 19
Golf

Karl
    $400 25
(Lisa: What is "Green River"?)

The Green Mile

Lisa
Triple Stumper
    $400 23
Nitroglycerin

Patti
    $400 5
Philosopher's stone

Triple Stumper
    $500 29
the giraffe

Lisa
    $500 11
Giuseppe Garibaldi

Patti
    $500 22
Star Trek: The Next Generation

Karl
    $500 26
(Alex: And we have less than a minute to deal with this category, Lisa.)

Mary Higgins Clark

Triple Stumper
    $500 24
Psychic

Lisa
    $500 6
Papal States

Patti
    $500 30
Scarab

Patti

Scores at the first commercial break (after clue 15):

Lisa Karl Patti
$1,200 $600 $1,100

Scores at the end of the Jeopardy! Round:

Lisa Karl Patti
$2,900 $1,800 $2,200

Double Jeopardy! Round responses

WORLD GEOGRAPHY
ODDS 'N' ENDS
FROM HERE TO MATERNITY
THE JOHNSONS
TV FINAL EPISODES
RHYME TIME
    $200 1
Luxembourg

Patti
    $200 12
Lemon

Karl
    $200 19
Lamaze

Patti
    $200 6
Lyndon Johnson

Karl
    $200 13
The Mary Tyler Moore Show

Patti
    $200 11
Horse course

Karl
    $1,000 2
Rhine

Patti
    $400 23
Chinese New Year

Lisa
    $400 20
Caesarean section

Patti
    $400 7
Jimmy Johnson

Karl
    $400 17
The Odd Couple

Patti
    $400 14
(Karl: What is a fare tare?)

Cab tab

Karl
Triple Stumper
    $600 3
Yukon

Lisa
    $600 24
(Patti: What is a quadrilon?)

a carillon

Patti
Triple Stumper
    $600 21
Breech birth

Karl
    $600 8
Jack Johnson

Triple Stumper
    $600 22
Ellen DeGeneres

Lisa
    $600 15
Salt vault

Patti
    $800 4
Corsica

Patti
    $800 27
Schilling

Karl
    $800 30
Amniotic fluid

Patti
    $800 9
Don Johnson

Patti
    $2,000 25
(Alex: A minute to go, Lisa.)

Ryan's Hope

Lisa
    $800 16
Brahma drama

Karl
    $1000 5
(Patti: What is Russia?)

Norway

KarlPatti
    $1000 28
Morocco

Triple Stumper
    $1000 29
Episiotomy

Patti
    $1000 10
Maggie Johnson

Triple Stumper
    $1000 26
China Beach

Karl
    $1000 18
Wan swan

Patti

Scores at the end of the Double Jeopardy! Round:

Lisa Karl Patti
$6,500 $6,600 $8,000

[wagering suggestions for these scores]

Final Jeopardy! Round responses

POETS' CORNER
LisaWho is ?
$3,000
KarlWho is Keats
$0
PattiWho is Chaucer?
$5,601
William Shakespeare (he's buried at Stratford)

Final scores:

Lisa Karl Patti
$3,500 $6,600 $2,399
2nd place: Trip to Outrigger Hotel, Waikiki Beach, Hawaii New champion: $6,600 3rd place: Daewoo Entertainment Package (TV, VCR & Speakers)

Game dynamics:

Coryat scores:

Lisa Karl Patti
$5,200 $6,600 $7,400
15 R
(including 2 DDs),
1 W
16 R,
1 W
20 R
(including 1 DD),
4 W

Combined Coryat: $19,200

[game clues] [game scores] [suggest correction]

Game tape date: 1998-11-18
The J! Archive is created by fans, for fans. Scraping, republication, monetization, and malicious use prohibited; this site may use cookies and collect identifying information. See terms. The Jeopardy! game show and all elements thereof, including but not limited to copyright and trademark thereto, are the property of Jeopardy Productions, Inc. and are protected under law. This website is not affiliated with, sponsored by, or operated by Jeopardy Productions, Inc. Join the discussion at JBoard.tv.